000 00363nam a2200157Ia 4500
008 191201s2008 xx 000 0 und d
020 _a9788120324459
082 _a005.1
_bMAF
100 _aMALL, Rajib
245 0 _aFundamentals of Software Engineering
250 _a2nd
260 _aN.Delhi
_bPHI
_c2008
300 _a336
650 _aMCA
942 _2ddc
_cBK
999 _c3655
_d3655